000 00865nam a2200217 i 4500
001 71518
003 ES-MaACL
005 20251213063018.0
007 t|
008 040812s1792 sp |||| | spa d
100 1 _aGenlis, Caroline-Stéphanie-Félicité Du Crest,
_ccomtesse de
_9127283
245 1 0 _aAdela y Teodoro o Cartas sobre la educación /
_cescritos en francés por la Condesa de Genlis y en castellano por Bernardo María del Calzada.
246 3 0 _aCartas sobre la educación
250 _a2ª edición... aumentada y corregida.
260 _aMadrid :
_bImp. Real,
_c1792.
300 _a3 v. ([4], XII, 414, [2], V, 376, [2], VI, 261 p.) ;
_c18 cm.
650 7 _aEducación
_2embne
_912073
700 1 _aCalzada, Bernardo María de,
_d1751-1825
_933934
852 _aES-MaACL
_jR-1221-23
_x Olim: G-11135-37
999 _c71518
_d71518